[Event "Playchess"]
[Site "?"]
[Date "2005.04.30"]
[Round "?"]
[White "Shipov Sergei"]
[Black "Short Nigel D"]
[Result "0-1"]
[WhiteElo "2588"]
[BlackElo "2673"]
[PlyCount "76"]
[EventDate "2005.??.??"]
[Source "www.chesslib.no"]
[SourceDate "2004.05.04"]

1. d4 d5 2. c4 e6 3. Nc3 c5 4. cxd5 cxd4 5. Qa4+ Bd7 6. Qxd4 exd5 7. Nf3 Nf6 8. Bg5 Be7 9. e3 Nc6 10. Qd2 Be6 11. Be2 O-O 12. O-O h6 13. Bh4 Ne4 14. Bxe7 Qxe7 15. Qe1 Rac8 16. Rc1 Qb4 17. Nxe4 dxe4 18. Qxb4 Nxb4 19. Nd2 Nxa2 20. Rxc8 Rxc8 21. Nxe4 Rc2 22. Bf3 Rxb2 23. Nc5 b5 24. Rd1 Nc3 25. Rd8+ Kh7 26. h4 a5 27. Nxe6 fxe6 28. h5 a4 29. Bg4 a3 30. Bxe6 g5 31. Rd7+ Kh8 32. f4 gxf4 33. exf4 Ne2+ 34. Kh2 Nxf4 35. Bf7 Rxg2+ 36. Kh1 Rb2 37. Ra7 b4 38. Bc4 Nxh5 0-1

[Event "Skanska Cup"]
[Site "Olomouc"]
[Date "2004.07.05"]
[Round "2"]
[White "Babula, Vlastimil"]
[Black "Biolek, Richard Jr"]
[Result "1-0"]
[WhiteElo "2569"]
[BlackElo "2451"]
[PlyCount "95"]
[EventDate "2004.07.04"]
[Source "Roberto Alvarez"]
[SourceDate "2004.08.24"]

1. d4 d5 2. c4 e6 3. Nc3 c5 4. cxd5 cxd4 5. Qa4+ Bd7 6. Qxd4 exd5 7. Qxd5 Nc6 8. Nf3 Nf6 9. Qb3 Bc5 10. Bg5 Be6 11. Qb5 Qe7 12. e3 a6 13. Qa4 h6 14. Bxf6 Qxf6 15. Bc4 Bd7 16. O-O-O Nd4 17. Qa5 b6 18. Ne4 bxa5 19. Nxf6+ gxf6 20. Nxd4 Ke7 21. Kb1 Rhc8 22. Bd3 Bxd4 23. exd4 Kd6 24. Rhe1 Re8 25. Re3 Kd5 26. b3 Bb5 27. Bc2 Rxe3 28. fxe3 a4 29. e4+ Kd6 30. bxa4 Bc6 31. Rf1 Rb8+ 32. Kc1 Ke7 33. d5 Bd7 34. a3 Rc8 35. Kd2 Rc5 36. Bb3 h5 37. Kd3 Rc8 38. Kd4 Rb8 39. Bc4 Rb2 40. Kc5 Re2 41. Rb1 Bxa4 42. Rb7+ Kd8 43. Kd4 Bd7 44. Bxa6 h4 45. d6 Bc6 46. Rxf7 Rf2 47. Bc4 Rf4 48. Bd5 1-0

[Event "Ch"]
[Site "Ch Yugoslavia"]
[Date "1985.??.??"]
[Round "1"]
[White "Cebalo, Miso"]
[Black "Marjanovic, Slavoljub"]
[Result "0-1"]
[WhiteElo "2485"]
[BlackElo "2505"]
[PlyCount "60"]
[EventDate "1985.??.??"]
[Source "www.chesslib.no"]
[SourceDate "2004.05.04"]

1. d4 d5 2. c4 e6 3. Nc3 c5 4. cxd5 cxd4 5. Qa4+ Bd7 6. Qxd4 exd5 7. Qxd5 Nc6 8. Qd1 Nf6 9. Nf3 Bc5 10. e3 Qe7 11. a3 O-O-O 12. Qc2 Kb8 13. Be2 g5 14. b4 g4 15. Nd2 Bb6 16. Nc4 Bc7 17. Bb2 Ne5 18. Rc1 Bc6 19. Nxe5 Bxe5 20. O-O Ne4 21. Nb1 Rhg8 22. Bxe5+ Qxe5 23. Rcd1 Rxd1 24. Qxd1 Ng5 25. Qd4 Qxd4 26. exd4 Nh3+ 27. Kh1 Nf4 28. d5 Bxd5 29. Rd1 Bb3 30. Rd2 Rc8 0-1

[Event "Catania"]
[Site "Catania"]
[Date "1994.??.??"]
[Round "9"]
[White "Rausis, Igors"]
[Black "Maksimenko, Andrei"]
[Result "1/2-1/2"]
[WhiteElo "2495"]
[BlackElo "2475"]
[PlyCount "53"]
[EventDate "1994.??.??"]
[Source "www.chesslib.no"]
[SourceDate "2004.05.04"]

1. d4 d5 2. c4 e6 3. Nc3 c5 4. cxd5 cxd4 5. Qxd4 Nc6 6. Qd1 exd5 7. Qxd5 Be6 8. Qxd8+ Rxd8 9. e3 a6 10. Be2 Nb4 11. Kf1 g6 12. Nf3 Bg7 13. Ng5 Bc8 14. Nf3 Be6 15. Ng5 Bc8 16. Nf3 Ne7 17. Bd2 Nec6 18. h3 Nd5 19. Rb1 b5 20. Bd3 Bf5 21. Be4 Kd7 22. Nd4 Nce7 23. f3 Nf6 24. Bc2 Ned5 25. Kf2 Rdf8 26. Ne4 Nc7 27. Rbd1 1/2-1/2

[Event "Terrassa Open"]
[Site "Terrassa ESP"]
[Date "1995.??.??"]
[Round "4"]
[White "Vera, Reynaldo G"]
[Black "Rodriguez, Orestes"]
[Result "1-0"]
[WhiteElo "2500"]
[BlackElo "2445"]
[PlyCount "89"]
[EventDate "1995.07.??"]
[Source "www.chesslib.no"]
[SourceDate "2004.05.04"]

1. d4 d5 2. c4 e6 3. Nc3 c5 4. cxd5 cxd4 5. Qa4+ Bd7 6. Qxd4 exd5 7. Qxd5 Nc6 8. Nf3 Nf6 9. Qb3 Bc5 10. e3 Qe7 11. Be2 g5 12. O-O O-O-O 13. Bd2 g4 14. Nd4 Rhg8 15. Rac1 Kb8 16. Rfd1 h5 17. Nxc6+ Bxc6 18. Bb5 Bf3 19. Ne2 Ne4 20. Be1 Ng5 21. Rxd8+ Rxd8 22. Ng3 Bd5 23. Bc4 Bc6 24. Bb5 Bd5 25. Bc4 Bc6 26. Rd1 Rxd1 27. Qxd1 a6 28. Bf1 h4 29. Nf5 Nh3+ 30. Kh1 Qg5 31. Qc2 Bb6 32. a4 Qd8 33. b4 Ng5 34. Nxh4 Qf6 35. Bc3 Qh6 36. Nf5 Qh7 37. Be5+ Ka8 38. a5 Ba7 39. Bf4 Nf3 40. Qc3 Nxh2 41. Bxh2 Bb8 42. Ng3 Qb1 43. Kg1 Bb5 44. Qh8 Ka7 45. Qd4+ 1-0

[Event "Breizh Masters A"]
[Site "Guingamp FRA"]
[Date "2008.02.22"]
[Round "1"]
[White "Flear, G."]
[Black "Kozakov, M."]
[Result "1-0"]
[WhiteElo "2493"]
[BlackElo "2445"]
[PlyCount "61"]
[EventDate "2008.02.22"]
[Source "www.chesslib.no"]
[SourceDate "2004.05.04"]

1. d4 d5 2. c4 e6 3. Nc3 c5 4. cxd5 cxd4 5. Qa4+ Bd7 6. Qxd4 exd5 7. Qxd5 Nc6 8. Nf3 Nf6 9. Qd1 Bc5 10. e3 Qe7 11. a3 O-O 12. Be2 Rfd8 13. O-O Rac8 14. Bd2 Ne5 15. Nd4 Nc6 16. Nf3 Ne5 17. Qc2 Bc6 18. Nd4 Bxd4 19. exd4 Rxd4 20. Be3 Rdd8 21. Bxa7 Ng6 22. Rfe1 Nh4 23. Bg4 Qc7 24. Bxc8 Nxg2 25. Bh3 Nxe1 26. Rxe1 b6 27. Ne4 Nd5 28. Rc1 Nf4 29. Bf1 Rc8 30. Qd2 g5 31. Qd6 1-0

[Event "Malmo Sweden"]
[Site "Malmo Sweden"]
[Date "1985.??.??"]
[Round "4"]
[White "Yrjola, Jouni"]
[Black "Westerinen, Heikki M J"]
[Result "1-0"]
[WhiteElo "2500"]
[BlackElo "2420"]
[PlyCount "62"]
[EventDate "1985.??.??"]
[Source "www.chesslib.no"]
[SourceDate "2004.05.04"]

1. d4 d5 2. c4 e6 3. Nc3 c5 4. cxd5 cxd4 5. Qa4+ Bd7 6. Qxd4 exd5 7. Qxd5 Nc6 8. Nf3 Nf6 9. Qd1 Bc5 10. e3 Qe7 11. Be2 O-O-O 12. O-O g5 13. b4 Bxb4 14. Qb3 Be6 15. Qb2 Nd5 16. Nb5 Kb8 17. Ne5 Ka8 18. e4 Nc3 19. Nxc3 Nxe5 20. Nd5 Bxd5 21. exd5 Bc5 22. Rb1 Rhg8 23. Qb3 Rg6 24. Bb2 Rb6 25. Qh3 f6 26. a4 Rb4 27. Bxe5 Qxe5 28. Rxb4 Bxb4 29. Qe6 Qxd5 30. Qxf6 Rf8 31. Qb2 Qd2 1-0

[Event "Groningen NED"]
[Site "Groningen NED"]
[Date "1994.??.??"]
[Round "2"]
[White "Brenninkmeijer, Joris"]
[Black "Kuijf, Marinus N"]
[Result "1/2-1/2"]
[WhiteElo "2495"]
[BlackElo "2415"]
[PlyCount "41"]
[EventDate "1994.??.??"]
[Source "www.chesslib.no"]
[SourceDate "2004.05.04"]

1. d4 d5 2. c4 e6 3. Nc3 c5 4. cxd5 cxd4 5. Qa4+ b5 6. Nxb5 Bd7 7. d6 Bxb5 8. Qxb5+ Nd7 9. Qa4 Qb6 10. Nf3 Bxd6 11. Qxd4 Bc5 12. Qxg7 Bxf2+ 13. Kd1 O-O-O 14. Qxh8 Ngf6 15. Qg7 Ne5+ 16. Bd2 Nxf3 17. exf3 Rxd2+ 18. Kxd2 Qxb2+ 19. Kd3 Qd4+ 20. Kc2 Qa4+ 21. Kd3 1/2-1/2

[Event "Lloyds Bank Open"]
[Site "London ENG"]
[Date "1988.??.??"]
[Round "?"]
[White "Gavrikov, Viktor N"]
[Black "Lalic, Susan"]
[Result "1-0"]
[WhiteElo "2545"]
[BlackElo "2355"]
[PlyCount "71"]
[EventDate "1988.08.??"]
[Source "www.chesslib.no"]
[SourceDate "2004.05.04"]

1. d4 d5 2. c4 e6 3. Nc3 c5 4. cxd5 cxd4 5. Qa4+ Bd7 6. Qxd4 exd5 7. Qxd5 Nc6 8. Nf3 Nf6 9. Qd1 Qb6 10. a3 O-O-O 11. Qc2 Ng4 12. e3 Be6 13. Be2 Kb8 14. O-O Bd6 15. Nb5 Nce5 16. Nxd6 Qxd6 17. Nxe5 Qxe5 18. Bxg4 Bxg4 19. Bd2 Qg5 20. f3 Be6 21. Rae1 h5 22. Bc3 h4 23. Bd4 Rc8 24. Qd2 Bc4 25. Rf2 f6 26. Rc1 Bd5 27. Rc3 Rhe8 28. e4 Qxd2 29. Rxd2 Rxc3 30. Bxc3 Bc6 31. Kf2 Kc7 32. Ke3 Re6 33. Kf4 Bd7 34. Rd5 Rc6 35. Rh5 g5+ 36. Ke3 1-0

[Event "Groningen NED"]
[Site "Groningen NED"]
[Date "1994.??.??"]
[Round "3"]
[White "Bosboom, Manuel"]
[Black "Brenninkmeijer, Joris"]
[Result "1-0"]
[WhiteElo "2395"]
[BlackElo "2495"]
[PlyCount "107"]
[EventDate "1994.??.??"]
[Source "www.chesslib.no"]
[SourceDate "2004.05.04"]

1. d4 d5 2. c4 e6 3. Nc3 c5 4. cxd5 cxd4 5. Qxd4 Nc6 6. Qd2 exd5 7. Qxd5 Bd7 8. Nf3 Nf6 9. Qd1 Bc5 10. e3 Qe7 11. a3 O-O-O 12. Qc2 Kb8 13. Be2 g5 14. O-O g4 15. Nh4 Ne5 16. b4 Bb6 17. Bb2 Qe6 18. Ne4 Nxe4 19. Qxe4 Bc7 20. Rac1 Rhe8 21. b5 Qh6 22. Rxc7 Nf3+ 23. Bxf3 Rxe4 24. Rxb7+ Kxb7 25. Bxe4+ Kb6 26. Bd4+ Ka5 27. Bc3+ Kb6 28. Bd4+ Ka5 29. Bc3+ Kxb5 30. Rb1+ Kc5 31. Bb4+ Kc4 32. Rc1+ Kb3 33. g3 Rc8 34. Rd1 Be6 35. Nf5 Qf6 36. Nd4+ Ka4 37. Bd3 Bd7 38. Rb1 a5 39. Bd2 Qd6 40. Be2 Kxa3 41. Bxa5 Rb8 42. Rc1 Rb2 43. Bc4 Ka4 44. Ra1+ Qa3 45. Rxa3+ Kxa3 46. Bxf7 Rb1+ 47. Kg2 Bc8 48. e4 Ba6 49. h4 Rd1 50. Nc2+ Ka4 51. Bb6 Be2 52. Be8+ Bb5 53. Bxb5+ Kxb5 54. Ne3 1-0

[Event "4 Open"]
[Site "Lido Estensi"]
[Date "2003.06.13"]
[Round "7"]
[White "Golod, Vitali"]
[Black "Manca, Federico"]
[Result "1-0"]
[WhiteElo "2538"]
[BlackElo "2350"]
[PlyCount "102"]
[EventDate "2003.06.06"]
[Source "Roberto Alvarez"]
[SourceDate "2003.06.23"]

1. c4 e6 2. d4 d5 3. Nc3 c5 4. cxd5 cxd4 5. Qa4+ Bd7 6. Qxd4 exd5 7. Qxd5 Nc6 8. Nf3 Nf6 9. Qd1 Bc5 10. e3 Qe7 11. a3 O-O-O 12. b4 Bg4 13. Bd2 Bd4 14. Qc2 Bxf3 15. gxf3 Kb8 16. Be2 Bxc3 17. Bxc3 Nd5 18. b5 Rc8 19. Bxg7 Nxe3 20. Qe4 Qxe4 21. fxe4 Nc2+ 22. Kf1 Rhg8 23. bxc6 Rxg7 24. cxb7 Kxb7 25. Rb1+ Ka8 26. e5 Rc3 27. Rg1 Rxg1+ 28. Kxg1 Nxa3 29. Rb4 a5 30. Ra4 Kb7 31. Rxa5 Kb6 32. Ra6+ Kc5 33. Ra7 Kd4 34. Rxf7 Kxe5 35. Rxh7 Nc2 36. Re7+ Kf4 37. Rd7 Ra3 38. Rd1 Ke5 39. Kg2 Ra2 40. Kf1 Nd4 41. Bg4 Nb5 42. Rd3 Nd6 43. Re3+ Kf4 44. h3 Ne4 45. Be2 Rc2 46. Rf3+ Ke5 47. Rf8 Rc1+ 48. Kg2 Rc7 49. Kf3 Ng5+ 50. Kg4 Ne4 51. f4+ Ke6 1-0

[Event "It (open)"]
[Site "Teplice (Czech Republic)"]
[Date "2007.06.17"]
[Round "3"]
[White "Jedynak Radoslaw (POL)"]
[Black "Trapl Jindrich (CZE)"]
[Result "1-0"]
[WhiteElo "2538"]
[BlackElo "2347"]
[PlyCount "59"]
[EventDate "2007.??.??"]
[Source "www.chesslib.no"]
[SourceDate "2004.05.04"]

1. d4 d5 2. c4 e6 3. Nc3 c5 4. cxd5 cxd4 5. Qa4+ Bd7 6. Qxd4 exd5 7. Qxd5 Nc6 8. Nf3 Nf6 9. Qb3 Bc5 10. a3 Qe7 11. Bg5 O-O-O 12. e3 Bg4 13. Be2 h6 14. Bxf6 gxf6 15. O-O Rhg8 16. Rfd1 Bh3 17. Rxd8+ Nxd8 18. g3 Kb8 19. Qc4 Ne6 20. Nd5 Qd8 21. Rd1 Bg4 22. b4 Bb6 23. a4 Bc7 24. a5 Bxf3 25. Bxf3 Be5 26. a6 Qc8 27. Qxc8+ Rxc8 28. axb7 Rc2 29. Ne7 Kc7 30. Nc6 1-0

[Event "It (cat.8)"]
[Site "Perm (Russia)"]
[Date "2007.06.13"]
[Round "2"]
[White "Tihonov Jurij (BLR)"]
[Black "Terekhin Anatoly (RUS)"]
[Result "1-0"]
[WhiteElo "2537"]
[BlackElo "2323"]
[PlyCount "67"]
[EventDate "2007.??.??"]
[Source "www.chesslib.no"]
[SourceDate "2004.05.04"]

1. d4 d5 2. c4 e6 3. Nc3 c5 4. cxd5 cxd4 5. Qa4+ Bd7 6. Qxd4 exd5 7. Nf3 Nc6 8. Qd3 Nf6 9. Bg5 Be6 10. e3 h6 11. Bh4 Be7 12. Be2 O-O 13. O-O Qb6 14. a3 Rfd8 15. Nb5 Rac8 16. Nbd4 Bg4 17. b4 Bxf3 18. Nxc6 bxc6 19. Bxf3 a5 20. Rab1 axb4 21. axb4 Rb8 22. Rfd1 Qb5 23. Qf5 Qc4 24. Rd4 Qc3 25. g4 c5 26. Rd3 Qc2 27. Rbd1 cxb4 28. Bxd5 Rbc8 29. Bxf6 Bxf6 30. Bb3 Qc7 31. Rd7 Rxd7 32. Rxd7 Qc1+ 33. Kg2 Rc7 34. Bxf7+ 1-0

[Event "FRA-chT N2 2003/2004"]
[Site "FRA"]
[Date "2004.03.14"]
[Round "9.3"]
[White "Vanderstricht, Geert"]
[Black "Serafimov, Tervel"]
[Result "1-0"]
[WhiteElo "2468"]
[BlackElo "2377"]
[PlyCount "124"]
[EventDate "2004.10.12"]
[Source "Roberto Alvarez"]
[SourceDate "2004.09.15"]

1. d4 d5 2. c4 e6 3. Nc3 c5 4. cxd5 cxd4 5. Qa4+ Bd7 6. Qxd4 exd5 7. Qxd5 Nc6 8. Nf3 Nf6 9. Qd1 Qb6 10. e3 O-O-O 11. Bd2 Bf5 12. Bb5 Ne4 13. Bxc6 Nxd2 14. Nxd2 Qxc6 15. O-O Kb8 16. Qf3 Qxf3 17. Nxf3 Bb4 18. Nd4 Bxc3 19. bxc3 Bd7 20. Rfc1 Rc8 21. c4 Rc7 22. Rc3 Rhc8 23. Rac1 Be6 24. Nxe6 fxe6 25. f4 Rc5 26. Kf2 b5 27. Rb1 Ka8 28. Kf3 a5 29. a3 bxc4 30. g4 Ka7 31. h4 h5 32. g5 g6 33. Ke4 R8c6 34. Rbc1 Ka6 35. Rb1 Ka7 36. Rb2 Rd6 37. Rbc2 Rdc6 38. Rd2 Rb6 39. Rd7+ Ka6 40. Kd4 Rbc6 41. Rg7 Kb6 42. Ke4 Rb5 43. Rxg6 Rb3 44. Rc2 c3 45. Rg8 Kb5 46. g6 Kc4 47. Rd8 Rb7 48. Rg2 Rcc7 49. Rd1 Rb2 50. Rgg1 c2 51. Rc1 Rg7 52. Rg2 Kc3 53. Ke5 Kd3 54. e4 Rg8 55. f5 exf5 56. exf5 Re8+ 57. Kf4 Re4+ 58. Kg5 Rg4+ 59. Rxg4 hxg4 60. g7 Rb8 61. f6 Rg8 62. Kxg4 Kd2 1-0